000 00294nam a22001337a 4500
008 171102b xxu||||| |||| 00| 0 eng d
020 _a9781418837037
041 _aeng
080 _27TH
_a33
100 _a59
101 _aBUS
245 _aELECTRONIC COMMERCE
_cSCHNEIDER,G
942 _2udc
_cBK
999 _c37218
_d37218